Learning Resource and Development

Love and ethnology : (Record no. 29428)

MARC details
000 -LEADER
fixed length control field 05912cam a22005657i 4500
001 - CONTROL NUMBER
control field 21512476
003 - CONTROL NUMBER IDENTIFIER
control field CSPC
005 - DATE AND TIME OF LATEST TRANSACTION
control field 20250430135700.0
008 - FIXED-LENGTH DATA ELEMENTS--GENERAL INFORMATION
fixed length control field 200418t20192019gw ach bc 000 0 eng d
010 ## - LIBRARY OF CONGRESS CONTROL NUMBER
LC control number 2020408903
020 ## - INTERNATIONAL STANDARD BOOK NUMBER
International Standard Book Number 9783956795039
Qualifying information (English edition ;
-- paperback)
020 ## - INTERNATIONAL STANDARD BOOK NUMBER
International Standard Book Number 3956795032
Qualifying information (English edition ;
-- paperback)
024 3# - OTHER STANDARD IDENTIFIER
Standard number or code 9783956795039
035 ## - SYSTEM CONTROL NUMBER
System control number (OCoLC)on1128829385
040 ## - CATALOGING SOURCE
Original cataloging agency OHX
Language of cataloging eng
Transcribing agency OHX
Description conventions rda
Modifying agency CGU
-- JPG
-- ZYU
-- OCLCF
-- STF
-- YDX
-- ERASA
-- BDX
-- YDXIT
-- GZN
-- DLC
-- CSPC
042 ## - AUTHENTICATION CODE
Authentication code lccopycat
050 00 - LIBRARY OF CONGRESS CALL NUMBER
Classification number N6490
Item number .L695 2019
072 #7 - SUBJECT CATEGORY CODE
Subject category code GN
Source lcco
072 #7 - SUBJECT CATEGORY CODE
Subject category code NX
Source lcco
082 04 - DEWEY DECIMAL CLASSIFICATION NUMBER
Classification number 704
Item number L941
Edition number 23
245 00 - TITLE STATEMENT
Title Love and ethnology :
Remainder of title the colonial dialectic of sensitivity (after Hubert Fichte) /
Statement of responsibility, etc. edited by Diedrich Diedrichsen, Anselm Franke, and Haus der Kulturen der Welt.
246 30 - VARYING FORM OF TITLE
Title proper/short title Colonial dialectic of sensitivity (after Hubert Fichte)
264 #1 - PRODUCTION, PUBLICATION, DISTRIBUTION, MANUFACTURE, AND COPYRIGHT NOTICE
Place of production, publication, distribution, manufacture Berlin :
Name of producer, publisher, distributor, manufacturer HKW, Haus der Kulturen der Welt :
-- Sternberg Press,
Date of production, publication, distribution, manufacture, or copyright notice 2019.
300 ## - PHYSICAL DESCRIPTION
Extent 216 pages :
Other physical details illustrations (chiefly color), facsimiles, portraits ;
Dimensions 26 cm
336 ## - CONTENT TYPE
Content type term text
Content type code txt
Source rdacontent
337 ## - MEDIA TYPE
Media type term unmediated
Media type code n
Source rdamedia
338 ## - CARRIER TYPE
Carrier type term volume
Carrier type code nc
Source rdacarrier
500 ## - GENERAL NOTE
General note Catalog of an exhibition held at the Haus der Kulturen der Welt, Berlin, October 18, 2019 - January 6, 2020.
504 ## - BIBLIOGRAPHY, ETC. NOTE
Bibliography, etc. note Includes bibliographical references.
505 0# - FORMATTED CONTENTS NOTE
Formatted contents note Love and Ethnology : A Foreword / Bernd Scherer, Johannes Ebert, Antje Contius, Roland Spahr -- Extracted Sensitivities : Restitute, Fail, Continue Writing / Diedrich Diederichsen and Anselm Franke -- On Fichte's Unlimiting and the Limits of Self-Reflexive Institutions / Anselm Franke -- Letting Oneself Be Developed : Permeability, Not Transparency / Diedrich Diederichsen -- "Jäcki found purity terrible" On the Ennobling of Mixing in Hubert Fichte / Dirck Linck -- Impetus for and Mode of Experiencing African and African American Cultures in Fichte / David Simo -- Glossary -- Images -- Excerpts from Reason's Oxymorons / Kader Attia -- Six Movements for Shango, Xangô, Changó, Ṣàngó / Tiona Nekkia McClodden -- Ethnopoetic Tensions in South America's Black Rome / Ayrson Heráclito -- Hubert Fichte, Tour-ism, Negotiating in Contact Zones, and Contact / Renée Green -- Glossary -- Images -- Violence : Subculture : Language : Three Bookmarks vis-à-vis the Political Author Hubert Fichte / Jan-Frederik Bandel -- Arthur Rimbaud and the Colonial Foundations of the Avant-Garde, or : A Plea for an Avant-Garde Ethnography / Rosa Eidelpes -- Carribean Insight / Erhard Schüttpelz -- Glossary -- Images -- Poetic Offense Procedure / Kerstin Stakemeier -- When will I know enough? / Denise Ferreira da Silva -- Curators' Statements of the Project Stations -- Mistake! Mistake! said the rooster ... and stepped down from the duck / Jürgen Bock -- Notes on Implos̃ao : Trans(relacion)ando Hubert Fichte (2016-2019) / Max Jorge Hinderer Cruz and Amilcar Packer -- Suprasensibilities / Mario Navarro -- All of the wrongs that were in the world, I gathered them up / Koyo Kouoh and Dulcie Abrahams Altass -- Journeys with the initiated / Yesomi Umolu -- Appendix -- Editors and Contributors -- Acknowledgments -- Abbreviations of Selected Publications by / Hubert Fichte -- Image Credits -- Project Stations -- Colophon.
520 ## - SUMMARY, ETC.
Summary, etc. Can the ethnological observations and feelings on Afro-diasporic cultures of a German writer be "restituted"? What are the possibilities and limits of using self-reflexion and gay sexuality as research tools? Since 2017, the exhibition and publication project 'Hubert Fichte: Love and Ethnology' has followed this question through Hubert Fichte's cycle of novels 'Die Geschichte der Empfindlichkeit' (The History of Sensitivity). Fascinated by Afro-diasporic arts and religions, Fichte (1935-1986) traveled to cities such as Salvador da Bahia, Santiago de Chile, Dakar, New York, and Lisbon. For the project, translations from his Geschichte der Empfindlichkeit became the basis for critical local receptions and new artistic works in these cities. The final exhibition Love and Ethnology -- The Colonial Dialectic of Sensitivity (after Hubert Fichte) at Haus der Kulturen der Welt in Berlin presents these reflections against the background of the relationship between ethnology and the aesthetic avant-garde in post-war West Germany. This publication brings together essays, artistic text contributions, and a glossary that explains Hubert Fichte's theoretical vocabulary. These are supplemented by curatorial statements from the past project stations in Salvador da Bahia, Rio de Janeiro, Santiago de Chile, Dakar, New York, and Lisbon, as well as extensive photo series depicting the artistic works from the exhibition at HKW. Exhibition: Haus der Kulturen der Welt, Berlin, Germany (18.10.2019 - 06.01.2020).
600 10 - SUBJECT ADDED ENTRY--PERSONAL NAME
Personal name Fichte, Hubert
Form subdivision Exhibitions.
600 10 - SUBJECT ADDED ENTRY--PERSONAL NAME
Personal name Fichte, Hubert
General subdivision Influence.
600 17 - SUBJECT ADDED ENTRY--PERSONAL NAME
Personal name Fichte, Hubert.
Source of heading or term fast
Authority record control number or standard number (OCoLC)fst00000256
650 #0 - SUBJECT ADDED ENTRY--TOPICAL TERM
Topical term or geographic name entry element Ethnology in art
Form subdivision Exhibitions.
650 #0 - SUBJECT ADDED ENTRY--TOPICAL TERM
Topical term or geographic name entry element Avant-garde (Aesthetics)
Form subdivision Exhibitions.
650 #7 - SUBJECT ADDED ENTRY--TOPICAL TERM
Topical term or geographic name entry element Avant-garde (Aesthetics)
Source of heading or term fast
Authority record control number or standard number (OCoLC)fst00824280
650 #7 - SUBJECT ADDED ENTRY--TOPICAL TERM
Topical term or geographic name entry element Ethnology in art.
Source of heading or term fast
Authority record control number or standard number (OCoLC)fst00916179
650 #7 - SUBJECT ADDED ENTRY--TOPICAL TERM
Topical term or geographic name entry element Influence (Literary, artistic, etc.)
Source of heading or term fast
Authority record control number or standard number (OCoLC)fst00972484
655 #7 - INDEX TERM--GENRE/FORM
Genre/form data or focus term Exhibition catalogs.
Source of term fast
Authority record control number or standard number (OCoLC)fst01424028
700 1# - ADDED ENTRY--PERSONAL NAME
Personal name Diedrichsen, Diedrich,
Relator term editor.
700 1# - ADDED ENTRY--PERSONAL NAME
Personal name Franke, Anselm,
Relator term editor.
710 2# - ADDED ENTRY--CORPORATE NAME
Corporate name or jurisdiction name as entry element Haus der Kulturen der Welt,
Relator term host institution,
-- editor.
776 08 - ADDITIONAL PHYSICAL FORM ENTRY
International Standard Book Number 9783956795046
Relationship information German edition
906 ## - LOCAL DATA ELEMENT F, LDF (RLIN)
a 7
b cbc
c copycat
d 3
e ncip
f 20
g y-gencatlg
942 ## - ADDED ENTRY ELEMENTS (KOHA)
Source of classification or shelving scheme Dewey Decimal Classification
Koha item type Books
Edition 23
Classification part 704
Item part L941
Call number prefix CIR
Call number suffix 2019
Suppress in OPAC No
Holdings
Withdrawn status Lost status Source of classification or shelving scheme Damaged status Not for loan Home library Current library Shelving location Date acquired Total Checkouts Full call number Barcode Date last seen Copy number Price effective from Koha item type
    Dewey Decimal Classification     Main Library Main Library Circulation Section 04/15/2025   CIR 704 L941 2019 029504 04/15/2025 2-2 04/15/2025 Books
    Dewey Decimal Classification     Main Library Main Library Circulation Section 04/30/2025   CIR 704 L941 2019 029478 04/30/2025 1-2 04/30/2025 Books